000 00592nam a22002177a 4500
003 UA-OsUOA
001 89226
007 ta
008 20121102b un ||||| |||| 00| 0 ukr d
100 _aРева Н.
090 _a330(477)
_bР32
942 _cSA
040 _aUA-OsUOA
_brus
_cUA-OsUOA
_dUA-OsUOA
245 _aТенденции рынка банковских карт в Украине
300 _aС.1-2
955 _a0
041 _arus
080 _a330(477)
773 0 _w89225
_tУкраїна- business
_dК.
_d2012
_g46
650 7 _a330 Економіка взагалі
_2UDC
999 _c375603
_d375603